000 00696nam a22001937a 4500
005 20170418155957.0
010 _aENG-117851
020 _a9789382169536
_c200.00
035 _aEN-101383
037 _bDBAD/PUB
082 _a355.62120954
100 _aBehera,Laxman Kumar
245 _aDefence offsets :
_cby Laxman Kumar Behera
_bInternational best pratices and lessons for India /
260 _aNew Delhi
_bInstitute for Defence Studies and Analysis
_c2015
270 _aN0-1 Development Enclave,Rao Tula Ram Marg,Delhi Cantt
_bNew Delhi
_e110010
300 _a91p.
_c21cm (pbk)
490 _aIDSA Monograph Series N0-45 June 2015
942 _2ddc
_cEN
_h355.62120954
_mBEH
999 _c139008
_d139008